International financial reporting standards : Philippine financial reporting standards : (Record no. 6656)

MARC details
000 -LEADER
fixed length control field 00685nam a22002057a 4500
003 - CONTROL NUMBER IDENTIFIER
control field OSt
005 - DATE AND TIME OF LATEST TRANSACTION
control field 20251201135118.0
008 - FIXED-LENGTH DATA ELEMENTS--GENERAL INFORMATION
fixed length control field 251201b |||||||| |||| 00| 0 eng d
020 ## - INTERNATIONAL STANDARD BOOK NUMBER
International Standard Book Number 971-0489-21-3
040 ## - CATALOGING SOURCE
Transcribing agency CL
082 ## - DEWEY DECIMAL CLASSIFICATION NUMBER
Edition number 2nd edition
Classification number 657.3 Ev92i 2008
100 ## - MAIN ENTRY--PERSONAL NAME
Personal name ROSALINDA D. EVANGELISTA
245 ## - TITLE STATEMENT
Title International financial reporting standards : Philippine financial reporting standards :
Remainder of title IFRS made easier 2nd ed. /
Statement of responsibility, etc. ROSALINDA D. EVANGELISTA
250 ## - EDITION STATEMENT
Edition statement 2nd edition
260 ## - PUBLICATION, DISTRIBUTION, ETC.
Place of publication, distribution, etc. Manila :
Name of publisher, distributor, etc. GIC Enterprises & Co., Inc.,
Date of publication, distribution, etc. c2008.
300 ## - PHYSICAL DESCRIPTION
Extent 584 p. ;
Dimensions 23 cm.
650 ## - SUBJECT ADDED ENTRY--TOPICAL TERM
Source of heading or term Accounting
700 ## - ADDED ENTRY--PERSONAL NAME
Personal name VERZOSA, ESMERALDA E.
942 ## - ADDED ENTRY ELEMENTS (KOHA)
Source of classification or shelving scheme Dewey Decimal Classification
Koha item type Book-Filipiniana
Edition 2nd edition
Suppress in OPAC No
952 ## - LOCATION AND ITEM INFORMATION (KOHA)
--
952 ## - LOCATION AND ITEM INFORMATION (KOHA)
--
Holdings
Withdrawn status Lost status Source of classification or shelving scheme Damaged status Not for loan Home library Current library Shelving location Date acquired Source of acquisition Total Checkouts Full call number Barcode Date last seen Copy number Price effective from Koha item type Uniform Resource Identifier
    Dewey Decimal Classification     College Library College Library Filipiniana 06/18/2008 School Fund   Fil. 657.3 Ev92i 2008 CL45780 12/01/2025 c1 12/01/2025 BK-FIL
    Dewey Decimal Classification     College Library College Library Filipiniana 06/18/2008 School Fund   Fil. 657.3 Ev92i 2008 cl45781 12/01/2025   12/01/2025 BK-FIL